Riconosci il Pokémon - Quiz n°175 - Statistics

Statistiche generali
  • Questo quiz è stato fatto 1 volte
  • Il punteggio medio è 0 su 10
Statistiche sulle risposte
Indizio Risposta % Corretto
Altezza 0,40 m
0%
Tasso di cattura 255 (43.9%)
0%
Peso 4,5 kg
0%
Sesso 50% ♂, 50% ♀
0%
Tipo Erba
0%
Tasso di allevamento Fluttuante
0%
Stadio evoluzione Forma Base
0%
Pokémon Shroomish
0%
Abilità Spargispora; Velencura, Piedisvelti
0%
Generazione Terza
0%
Nessun quiz corrispondente trovato
Distribuzione punteggi
Percentuale di utenti per punteggio
Percentile per numero di risposta
I tuoi punteggi nel tempo
Non hai fatto questo quiz